Ginevra e gli altri

שמור ב:
מידע ביבליוגרפי
מחבר ראשי: Ansaldo, Giorgio
פורמט: ספר
שפה:אנגלית
יצא לאור: Torino Robin 2020
תגים: הוספת תג
אין תגיות, היה/י הראשונ/ה לתייג את הרשומה!

MARC

LEADER 00000nam a2200000 4500
005 20231113103933.0
008 231113b |||||||| |||| 00| 0 eng d
020 |a 8872746132 
040 |c C 
082 |a 853.91 
100 |a Ansaldo, Giorgio 
245 |a Ginevra e gli altri 
260 |a Torino  |b Robin  |c 2020 
942 |2 ddc  |c BK  |n 0 
952 |0 0  |1 0  |2 ddc  |4 0  |6 853_910000000000000_ANS_GIN  |7 0  |9 192  |a GE  |b GE  |d 2023-11-13  |l 0  |o 853.91 ANS GIN  |p 3961  |r 2023-11-13 10:40:00  |w 2023-11-13  |y BK 
999 |c 158  |d 158